000 00342nam a2200133Ia 4500
008 151001s9999||||xx |||||||||||||| ||und||
100 _aहरी नारायण आपटे
245 _aसूर्यग्रहण
250 _a1
260 _bपटवर्धन वि अ
260 _c1969
300 _a140
365 _b18
999 _c958971
_d958968